000 00594nam a2200205 a 4500
005 20210219153116.0
008 991125n 000 0 u
035 _aUPN01000078408
100 _aCooper, B. Lee
222 _aINTERNATIONAL JOURNAL OF INSTRUCTIONAL MEDIA
245 _aExamining the audio images of war : Lyrical perspectives of America's major military crusades, 1914-1991
300 _a277-287
362 _a19, No. 3, 1992
505 _aJunio 1993
653 0 _aCULTURA POPULAR
653 0 _aGUERRA
653 0 _aMUSICA
904 _aAC
_b016219
905 _aArticulo
999 _c68678
_d68678